Guess the 1970s song lyrics #323 - Statistics

General Stats
  • This quiz has been taken 24 times
  • The average score is 173 of 269
Answer Stats
Answer % Correct
the
95%
You
95%
you
95%
a
89%
A
89%
He
89%
he
89%
of
89%
to
89%
when
89%
When
89%
an
84%
go
84%
got
84%
it
84%
It
84%
like
84%
We
84%
what
84%
all
79%
and
79%
And
79%
are
79%
band
79%
can
79%
if
79%
in
79%
is
79%
It's
79%
it's
79%
its
79%
on
79%
or
79%
time
79%
want
79%
but
74%
But
74%
feel
74%
get
74%
hear
74%
He's
74%
he's
74%
make
74%
Mind
74%
mind
74%
play
74%
they
74%
They
74%
too
74%
up
74%
doesn't
68%
don't
68%
down
68%
for
68%
Guitar
68%
guitar
68%
man
68%
night
68%
playing
68%
see
68%
then
68%
Then
68%
doing
63%
job
63%
knows
63%
one
63%
out
63%
sing
63%
Sultans
63%
Swing
63%
alright
58%
any
58%
Creole
58%
dark
58%
daytime
58%
gets
58%
give
58%
Harry
58%
his
58%
now
58%
right
58%
Rock
58%
Roll
58%
scene
58%
that
58%
Way
58%
With
58%
with
58%
Yeah
58%
afford
53%
ain't
53%
anything
53%
at
53%
call
53%
chords
53%
double
53%
Friday
53%
home
53%
more
53%
music
53%
old
53%
park
53%
rain
53%
their
53%
trumpet
53%
around
47%
as
47%
four
47%
Honky
47%
just
47%
London
47%
South
47%
south
47%
They're
47%
Tonk
47%
Well
47%
About
42%
damn
42%
Dixie
42%
George
42%
lights
42%
many
42%
meantime
42%
microphone
42%
other
42%
says
42%
shiver
42%
step
42%
steps
42%
town
42%
under
42%
Ah
37%
Check
37%
Coming
37%
cry
37%
everything
37%
rhythm
37%
river
37%
sound
37%
thing
37%
boys
32%
corner
32%
faces
32%
places
32%
raining
32%
Saving
32%
stop
32%
strictly
32%
Yes
32%
best
26%
blowing
26%
crowd
26%
fooling
26%
hold
26%
inside
26%
jazz
26%
last
26%
makes
26%
ring
26%
rings
26%
baggies
21%
bell
21%
Competition
21%
horns
21%
platform
21%
soles
21%
young
21%
brown
16%
dressed
16%
Drunk
16%
Goodnight
16%
fast
11%
No matching quizzes found
Score Distribution
Percent of People with Each Score
Percentile by Number Answered
Your Score History
You have not taken this quiz